<?xml version="1.0" encoding="UTF-8"?>
<record
    xmlns:xsi="http://www.w3.org/2001/XMLSchema-instance"
    xsi:schemaLocation="http://www.loc.gov/MARC21/slim http://www.loc.gov/standards/marcxml/schema/MARC21slim.xsd"
    xmlns="http://www.loc.gov/MARC21/slim">

  <leader>01613nam a2200337uu 4500</leader>
  <controlfield tag="001">965327</controlfield>
  <controlfield tag="005">20260506160031.0</controlfield>
  <controlfield tag="007">co|||||||</controlfield>
  <controlfield tag="008">060301e20060201                    spa  </controlfield>
  <datafield tag="035" ind1=" " ind2=" ">
    <subfield code="a">965327</subfield>
  </datafield>
  <datafield tag="040" ind1=" " ind2=" ">
    <subfield code="c">comduadb</subfield>
  </datafield>
  <datafield tag="041" ind1=" " ind2=" ">
    <subfield code="a">spa</subfield>
  </datafield>
  <datafield tag="080" ind1=" " ind2=" ">
    <subfield code="a">T/CD</subfield>
  </datafield>
  <datafield tag="082" ind1=" " ind2="4">
    <subfield code="a">152</subfield>
  </datafield>
  <datafield tag="100" ind1="1" ind2="0">
    <subfield code="a">Rojas Hincapie, Luisa Fernanda</subfield>
    <subfield code="4">aut</subfield>
    <subfield code="e">aut</subfield>
    <subfield code="9">537154</subfield>
  </datafield>
  <datafield tag="245" ind1="1" ind2="0">
    <subfield code="a">Caracteristicas de la ansiedad producto de las vicisitudes en la relacion con el objeto maternante en ninos de 7 a 10 anos de edad de la escuela San Martin de Porres</subfield>
  </datafield>
  <datafield tag="260" ind1=" " ind2=" ">
    <subfield code="a">Medell&#xED;n :</subfield>
    <subfield code="b">[sin publicador],</subfield>
    <subfield code="c">2006.</subfield>
  </datafield>
  <datafield tag="300" ind1=" " ind2=" ">
    <subfield code="a">1 CD-ROM</subfield>
  </datafield>
  <datafield tag="520" ind1="3" ind2=" ">
    <subfield code="a">La presente investigacion aborda la caracterizacion de la ansiedad producto de las vicisitudes con el objeto maternante en ninos y ninas de 7 a 10 anos. Surgio del plantenamiento teorico de la ansiedad como elemento fundamental en el desarrollo evolutivo y de la inquietud por poner a prueba en nuestra poblacion la hipotesis acerca de la etapa de latencia como de relativa tranquila en donde las ansiedades mas primitivas ya han sido resueltas. Esta basada en los postulados en la teoria dinamica relacional - objetal.</subfield>
  </datafield>
  <datafield tag="650" ind1=" " ind2="7">
    <subfield code="a">Grupos sociales</subfield>
    <subfield code="2">lemb</subfield>
    <subfield code="9">852</subfield>
  </datafield>
  <datafield tag="650" ind1=" " ind2=" ">
    <subfield code="a">Ni&#xF1;os</subfield>
    <subfield code="9">575</subfield>
  </datafield>
  <datafield tag="650" ind1=" " ind2=" ">
    <subfield code="a">Funci&#xF3;n materna</subfield>
    <subfield code="9">151297</subfield>
  </datafield>
  <datafield tag="650" ind1=" " ind2=" ">
    <subfield code="a">Escuela San Martin de Porres (Medellin)</subfield>
    <subfield code="9">153228</subfield>
  </datafield>
  <datafield tag="650" ind1=" " ind2=" ">
    <subfield code="a">Ansiedad infantil</subfield>
    <subfield code="9">1061</subfield>
  </datafield>
  <datafield tag="650" ind1=" " ind2="7">
    <subfield code="a">Psicolog&#xED;a infantil</subfield>
    <subfield code="2">lemb</subfield>
    <subfield code="9">141415</subfield>
  </datafield>
  <datafield tag="700" ind1="1" ind2="0">
    <subfield code="a">Yarce Vasco, Elcy Maryory</subfield>
    <subfield code="4">aut</subfield>
    <subfield code="e">aut</subfield>
    <subfield code="9">412182</subfield>
  </datafield>
  <datafield tag="700" ind1="1" ind2="0">
    <subfield code="a">Ortiz Cardenas, Martha Cecilia</subfield>
    <subfield code="4">ths</subfield>
    <subfield code="e">ths</subfield>
    <subfield code="9">527190</subfield>
  </datafield>
  <datafield tag="942" ind1=" " ind2=" ">
    <subfield code="c">TESIS</subfield>
  </datafield>
  <datafield tag="999" ind1=" " ind2=" ">
    <subfield code="c">375982</subfield>
    <subfield code="d">375982</subfield>
  </datafield>
  <datafield tag="502" ind1=" " ind2=" ">
    <subfield code="b">105</subfield>
    <subfield code="c">12</subfield>
  </datafield>
  <datafield tag="526" ind1=" " ind2=" ">
    <subfield code="a">106</subfield>
  </datafield>
  <datafield tag="952" ind1=" " ind2=" ">
    <subfield code="0">0</subfield>
    <subfield code="1">0</subfield>
    <subfield code="4">0</subfield>
    <subfield code="7">0</subfield>
    <subfield code="8">DIGITAL</subfield>
    <subfield code="a">CISH</subfield>
    <subfield code="b">CISH</subfield>
    <subfield code="d">2006-03-01</subfield>
    <subfield code="i">C897013</subfield>
    <subfield code="l">0</subfield>
    <subfield code="o">T/CD-05956</subfield>
    <subfield code="p">0617304</subfield>
    <subfield code="r">2023-04-26 00:00:00</subfield>
    <subfield code="t">1</subfield>
    <subfield code="w">2023-04-26</subfield>
    <subfield code="y">DIGITAL</subfield>
  </datafield>
  <datafield tag="952" ind1=" " ind2=" ">
    <subfield code="0">0</subfield>
    <subfield code="1">0</subfield>
    <subfield code="4">0</subfield>
    <subfield code="7">0</subfield>
    <subfield code="8">TESDIGBC</subfield>
    <subfield code="a">BC</subfield>
    <subfield code="b">BC</subfield>
    <subfield code="d">2006-03-06</subfield>
    <subfield code="e">Material adquirido por donaci&#xF3;n</subfield>
    <subfield code="i">C897426</subfield>
    <subfield code="l">0</subfield>
    <subfield code="o">152.46 R741 CD-ROM</subfield>
    <subfield code="p">0587365</subfield>
    <subfield code="r">2023-04-26 00:00:00</subfield>
    <subfield code="t">2</subfield>
    <subfield code="w">2023-04-26</subfield>
    <subfield code="y">DIGITAL</subfield>
  </datafield>
</record>
